| 000 | 00485nam a2200181Ia 4500 | ||
|---|---|---|---|
| 001 | 1195 | ||
| 005 | 20260306140614.0 | ||
| 008 | 260306t1995||||xx |||||||||||||| ||spa|| | ||
| 041 | _aESP | ||
| 082 |
_a189 _bG45 1995 |
||
| 100 |
_aGilson, Etienne _eAUT |
||
| 245 | 0 |
_aLa filosofía en la edad media: _bdesde los orígenes patrísticos hasta el fin del siglo XIV |
|
| 260 | _c1995 | ||
| 300 |
_a770 páginas : _c24 cm. |
||
| 650 | _aGEN | ||
| 654 | _aCHU | ||
| 942 |
_cLIB _dJUS _fJUS _2ddc _n |
||
| 999 |
_c1195 _d1195 |
||